La Curiosidad - Jay Wheeler, Myke Towers - Estadísticas

Estadísticas generales
  • Esta prueba ha sido intentada 82 veces
  • La puntuación promedio es 252 de 344
Estadísticas de respuestas
Letra % Correcto
A
100%
a
100%
aguanto
97%
curiosidad
97%
La
97%
la
97%
97%
mata
97%
me
97%
no
97%
y
97%
Y
97%
Es
94%
es
94%
que
94%
Que
94%
qué
94%
te
92%
Te
92%
cuándo
89%
cuando
89%
el
89%
quiero
89%
yo
89%
Yo
89%
dime
86%
solo
86%
86%
Tu
86%
tu
86%
comemo
83%
ella
83%
nos
83%
sabemo
83%
tener
83%
bien
81%
de
81%
diferente
81%
ti
81%
Ya
81%
ya
81%
comemos
78%
curiosa
78%
las
78%
muy
78%
nena
78%
sabemos
78%
78%
se
78%
78%
Se
78%
una
78%
En
75%
en
75%
estudiosa
75%
le
72%
tiene
72%
ve
72%
comerte
69%
otra
67%
pone
67%
su
67%
verte
67%
ganas
64%
lo
64%
Pero
64%
pero
64%
vi
64%
cómo
61%
con
61%
dieron
61%
espumosa
61%
foto
61%
has
61%
pongo
61%
Posa
61%
quiere
61%
amor
58%
bañera
58%
esposa
58%
estás
58%
matan
58%
58%
mi
58%
por
58%
rosa
58%
Si
58%
si
58%
suerte
58%
tenido
58%
al
56%
Háblame
56%
juego
56%
jugosa
56%
Marihuana
56%
ere
53%
Ey
53%
frente
53%
furiosa
53%
hace
53%
Hace
53%
igual
53%
Quisiera
53%
ahí
50%
conocerte
50%
dice
50%
fuerte
50%
pasa
50%
retrato
50%
siempre
50%
atreví
47%
caliente
47%
dejo
47%
dio
47%
hermosa
47%
conmigo
44%
hago
44%
mente
44%
miente
44%
pasas
44%
ves
44%
volvería
44%
antecedente
42%
aquí
42%
contigo
42%
Contigo
42%
expediente
42%
Hablarte
42%
llama
42%
mirada
42%
veo
42%
cabaña
39%
carroza
39%
chequeé
39%
flore
39%
loco
39%
nacer
39%
repetir
39%
sentir
39%
sigo
39%
voy
39%
yeah
39%
cabrón
36%
mentir
36%
vuelvo
36%
desenfoco
33%
Encima
33%
nuevo
33%
pasé
33%
pueden
33%
arrebato
31%
Daría
31%
fuera
31%
nosotro
31%
tengo
31%
toco
31%
volverte
31%
nadie
28%
Tranquila
28%
atrevo
22%
Dicen
22%
enterarse
22%
saben
19%
tiempo
19%
envolverme
17%
tocarte
14%
oye
0%
No se encontraron pruebas coincidentes
Distribución de puntuación
Porcentaje de gente con cada puntuación
Porcentaje por número respondido
Historial de tus puntuaciones
No has intentado esta prueba.